Technical drawing (Record no. 8620)
[ view plain ]
| 000 -LEADER | |
|---|---|
| fixed length control field | 00225nam a22001217a 4500 |
| 040 ## - CATALOGING SOURCE | |
| Transcribing agency | SK |
| 082 ## - DEWEY DECIMAL CLASSIFICATION NUMBER | |
| Classification number | 604 |
| 100 ## - MAIN ENTRY--AUTHOR NAME | |
| Personal name | MAYOCK F.B. |
| 245 ## - TITLE STATEMENT | |
| Title | Technical drawing |
| 260 ## - PUBLICATION, DISTRIBUTION, ETC. (IMPRINT) | |
| Place of publication | RUA |
| Name of publisher | MAY |
| Year of publication | 1993 |
| 300 ## - PHYSICAL DESCRIPTION | |
| Number of Pages | 92p. |
| 942 ## - ADDED ENTRY ELEMENTS (KOHA) | |
| Koha item type | សៀវភៅភាសាអង់គ្លេស |
| 952 ## - LOCATION AND ITEM INFORMATION (KOHA) | |
| Withdrawn status [LOCAL, KOHA] | 0 |
| Permanent Location | Date acquired | Koha item type | Lost status | Shelving location | Barcode | Current Location | Full call number |
|---|---|---|---|---|---|---|---|
| Library Block C | 2016-08-08 | សៀវភៅភាសាអង់គ្លេស | C238 | RUA045999 | Library Block C | 604 MAY 1993 C239 |